| 000 | 00663cam a2200229 4500500 | ||
|---|---|---|---|
| 005 | 20260329003215.0 | ||
| 041 | _afre | ||
| 042 | _adc | ||
| 100 | 1 | 0 |
_aLacroix, Alexandre _eauthor |
| 245 | 0 | 0 | _aDésamorcer le délire d’opinions |
| 260 | _c2015. | ||
| 500 | _a100 | ||
| 690 | _aCharlie Hebdo | ||
| 690 | _aDélire | ||
| 690 | _afanatisme | ||
| 690 | _aIslam | ||
| 690 | _aOpinion | ||
| 690 | _aPhilippe Huneman | ||
| 690 | _aThéories du complot | ||
| 786 | 0 | _nPhilosophie magazine | 87 | 3 | 2015-03-01 | p. 31-45 | 1951-1787 | |
| 856 | 4 | 1 | _uhttps://shs.cairn.info/magazine-philosophie-magazine-2015-3-page-31?lang=fr&redirect-ssocas=7080 |
| 999 |
_c1822376 _d1822376 |
||